00525cam a2200169 a 4500020001500000040000800015082002700023100002100050245002800071250001200099260003400111300004800145650002700193700001900220856006200239856005400301 a0072282290 cDLC00a599 HILL 2000 A030 Or.1 aStein, Philip L.10aPhysical anthropology / a7th ed. aBoston :bMcGraw-Hill,c2000. axviii, 510 p. :bill. (some col.) ;c26 cm. 0aPhysical anthropology.1 aRowe, Bruce M.42uhttp://www.loc.gov/catdir/description/mh023/99015559.html41uhttp://www.loc.gov/catdir/toc/mh023/99015559.html